<?xml version="1.0" encoding="UTF-8"?>
<record
    xmlns:xsi="http://www.w3.org/2001/XMLSchema-instance"
    xsi:schemaLocation="http://www.loc.gov/MARC21/slim http://www.loc.gov/standards/marcxml/schema/MARC21slim.xsd"
    xmlns="http://www.loc.gov/MARC21/slim">

  <leader>00969nam a22002057a 4500</leader>
  <controlfield tag="003">AUA.1</controlfield>
  <controlfield tag="005">20130606164501.0</controlfield>
  <controlfield tag="008">130606t        xxu||||| |||| 00| 0 eng d</controlfield>
  <datafield tag="040" ind1=" " ind2=" ">
    <subfield code="c">AUA</subfield>
  </datafield>
  <datafield tag="050" ind1=" " ind2=" ">
    <subfield code="a">BP1</subfield>
    <subfield code="b">.P47</subfield>
  </datafield>
  <datafield tag="222" ind1=" " ind2=" ">
    <subfield code="a">Persia Newsletter</subfield>
  </datafield>
  <datafield tag="245" ind1=" " ind2=" ">
    <subfield code="a">The International Symposium on Quran and Contemporary issues</subfield>
    <subfield code="b">Abstracts</subfield>
  </datafield>
  <datafield tag="260" ind1=" " ind2=" ">
    <subfield code="c">4th-5th Jun 2011</subfield>
  </datafield>
  <datafield tag="300" ind1=" " ind2=" ">
    <subfield code="a">23p.;</subfield>
    <subfield code="b">ill.;</subfield>
  </datafield>
  <datafield tag="440" ind1=" " ind2=" ">
    <subfield code="a">The International Symposium on Quran and Contemporary issues</subfield>
    <subfield code="v">Vol 1, Issue 12</subfield>
    <subfield code="9">37297</subfield>
  </datafield>
  <datafield tag="500" ind1=" " ind2=" ">
    <subfield code="a">Contents:
Quran and contemporary science;
Quran and legal challenges;
Quran and economic Justice;
Quran and environmental issues;
Quran and interfaith issues;
Quran and general education;
Quran and leadership;
Quran and education;</subfield>
  </datafield>
  <datafield tag="700" ind1=" " ind2=" ">
    <subfield code="a">K. Mohammed</subfield>
    <subfield code="e">Editor</subfield>
    <subfield code="9">37298</subfield>
  </datafield>
  <datafield tag="942" ind1=" " ind2=" ">
    <subfield code="2">lcc</subfield>
    <subfield code="c">PER</subfield>
    <subfield code="h">BP1</subfield>
    <subfield code="i">.P47 2011</subfield>
  </datafield>
  <datafield tag="999" ind1=" " ind2=" ">
    <subfield code="c">10384</subfield>
    <subfield code="d">10384</subfield>
  </datafield>
  <datafield tag="952" ind1=" " ind2=" ">
    <subfield code="0">0</subfield>
    <subfield code="1">0</subfield>
    <subfield code="2">lcc</subfield>
    <subfield code="4">0</subfield>
    <subfield code="7">0</subfield>
    <subfield code="a">AUA.1</subfield>
    <subfield code="b">AUA.1</subfield>
    <subfield code="c">PER</subfield>
    <subfield code="d">2013-06-06</subfield>
    <subfield code="l">0</subfield>
    <subfield code="o">BP1 .P47 2011</subfield>
    <subfield code="r">2013-06-06 00:00:00</subfield>
    <subfield code="w">2013-06-06</subfield>
    <subfield code="y">PER</subfield>
  </datafield>
</record>
